000 01249cam a2200289 4500
001 ABS63109
008 000000n2000 000 0 eng u
035 _a(Sirsi) u109403
100 _aThisdell, G
245 _aGatwick takes off
260 _c2000
490 _aContract Journal
_v406(6302) 8 November 2000, 18-19(2)
520 _aLooks at the planning and design strategies behind the £34m Gatwick Airport North Terminal extension. The planning methods employed by BAA for the extension include framework supplier agreements, the involvement of framework suppliers in the planning phase, and using forward planning from the design team to avoid unnecessary fabrication of design parts. Demonstrates how effective planning has made significant cost savings in comparison to the Gatwick South Terminal extension.
590 _aABS
650 _aGATWICK AIRPORT
650 _aBAA
650 _aAIRPORTS
650 _aCOST REDUCTION
650 _aCONSTRUCTION PROCESS
650 _aBRITISH AIRPORT AUTHORITY
650 _aNORTH TERMINAL EXTENSION
650 _aFRAMEWORK CONTRACTS
650 _aPLANNING PROCESS
650 _aMANAGEMENT-PROJECT MANAGEMENT
690 _aBUILT ENVIRONMENT-CONSTRUCTION DESIGN
942 _n0
999 _c65313
_d65313